书目信息 |
| 题名: |
数据压缩
|
|
| 作者: | 吴乐南 编著 | |
| 分册: | ||
| 出版信息: | 北京 电子工业出版社 2000.6 |
|
| 页数: | 190页 | |
| 开本: | 26cm | |
| 丛书名: | ||
| 单 册: | ||
| 中图分类: | TP274-43 | |
| 科图分类: | ||
| 主题词: | 自动化系统 | |
| 电子资源: | ||
| ISBN: | 7-5053-5882-0 | |
| 000 | 00521nam0 2200193 45 | |
| 001 | 0258779433 | |
| 005 | 20070628153458.64 | |
| 010 | @a7-5053-5882-0@d20.00CNY | |
| 100 | @a20021122d2000 km y0chiy0120 ea | |
| 101 | 0 | @achi |
| 102 | @aCN@b110000 | |
| 200 | 1 | @a数据压缩@Ashu ju ya suo@f吴乐南编著@Fwu yue nan bian zhu |
| 210 | @a北京@c电子工业出版社@d2000.6 | |
| 215 | @a190页@d26cm | |
| 606 | 0 | @a自动化系统 |
| 690 | @aTP274-43@v3 | |
| 701 | 0 | @a吴乐南@Awu yue nan@4编著 |
| 801 | 0 | @aCN@c20070628 |
| 905 | @dTP274-43@eW915 | |
| 数据压缩/吴乐南编著.-北京:电子工业出版社,2000.6 |
| 190页;26cm |
| ISBN 7-5053-5882-0:20.00CNY |
| ● |
| 相关链接 |
|
|
|
正题名:数据压缩
索取号:TP274-43/W915
 
预约/预借
| 序号 | 登录号 | 条形码 | 馆藏地/架位号 | 状态 | 备注 |
| 1 | 361189 | 203611895 | 自科二线504/504自科库 15排1列5层/ [索取号:TP274-43/W915] | 在馆 | |
| 2 | 361190 | 203611902 | 自科二线504/504自科库 15排1列5层/ [索取号:TP274-43/W915] | 在馆 | |
| 3 | 361191 | 203611911 | 自科二线504/504自科库 15排1列5层/ [索取号:TP274-43/W915] | 在馆 | |
| 4 | 393483 | 203934831 | 自科二线504/504自科库 15排1列5层/ [索取号:TP274-43/W915] | 在馆 | |
| 5 | 393484 | 203934840 | 自科二线504/504自科库 2排2列3层/ [索取号:TP274-43/W915] | 在馆 | |
| 6 | 395362 | 203953622 | 自科二线504/504自科库 15排1列5层/ [索取号:TP274-43/W915] | 在馆 | |
| 7 | 395363 | 203953631 | 自科二线504/504自科库 15排1列5层/ [索取号:TP274-43/W915] | 在馆 | |
| 8 | 395364 | 203953640 | 自科二线504/504自科库 15排1列5层/ [索取号:TP274-43/W915] | 在馆 | |
| 9 | 450359 | 204503590 | 自科二线400A/400A自科库 5排3列3层/ [索取号:TP274-43/W915] | 在馆 | |
| 10 | 450360 | 204503607 | 自科库301/301自科库 43排2列4层/ [索取号:TP274-43/W915] | 在馆 | |
| 11 | 450361 | 204503616 | 自科库301/301自科库 41排4列4层/ [索取号:TP274-43/W915] | 在馆 |